000
00374nam a22001577a 4500
003
MPLRDC
005
20220104123554.0
008
210129b ||||| |||| 00| 0 eng d
082
_a
427.7 LHS
100
_a
缪穗生编
245
_a
食物保鲜秘诀
_c
260
_a
_b
家庭出版社
_c
300
_b
平
650
_a
食品腐坏与保存
942
_c
BK
_o
427.7 LHS
999
_c
12476
_d
12466